00397pab a2200121 454500008004000000100002200040245013200062260000900194300001500203362000800218650002500226773002400251180718b2011 xxu||||| |||| 00| 0 eng d aGenna, Gaspare M. aDoes North America have the right stuff? An analysis of compatibility and the potential deepening in north American integration c2011 ap.141-165. aFeb aEconomic integration aPolitics and Policy